000 01003nam a2200289 c 4500
003 BLK
005 20230127164545.0
008 180408b bul|||||r ||||||| ||bul||
010 _aKNG00079990000
020 _a978-954-9415-34-6
_bиздат.: Водолей
040 _aBLK
041 _aBUL
_cBUL
080 _aБългарска литература
_b821.163.2
_x-311.6
_z821.163.2-311.6
100 1 _aХристозов, Петър
_eпърви автор
_9370891
139 _aХристозов, Петър
_bХ 82
245 1 0 _aСледователят
_bПолит. роман
_cПетър Христозов.
257 _aBGR
260 София
_bВодолей
_c2007
300 _a263 с.
_c20 см
380 _aX
500 _aПетър Пристозов - псевд. на Христо Димитров Вълчев
852 _aЦб 237450
856 4 _qpdf
_u
856 4 _qpdf
_u
942 _cKNG
_n0
_07
944 _aCR
_c10.12.2007
_kГеновева_Генчева
944 _aED
_c09.02.2009
_k
999 _c75571
_d75571